| 000 | 00573nam a2200217Ia 4500 | ||
|---|---|---|---|
| 005 | 20260429112008.0 | ||
| 008 | 260429s9999||||xx |||||||||||||| ||und|| | ||
| 020 | _a9781009372336 | ||
| 041 | _aEnglish | ||
| 082 |
_a551.6 _bBOX |
||
| 100 | _aBox, Michael A. | ||
| 245 | 0 |
_aScience of our changing climate / _cMichael A. Box |
|
| 250 | _a1st ed. | ||
| 260 |
_aCambridge : _bCambridge University Press, _c2024. |
||
| 300 | _axxii, 381 p.; pbk | ||
| 650 | _a Climatology | ||
| 650 | _a Geology | ||
| 650 | _aEarth science | ||
| 700 | _a Box, Gali P. | ||
| 942 | _cTB | ||
| 999 |
_c51798 _d51798 |
||